000 00400nam a2200157 i 4500
001 bg
100 1 _aMELLER, Elżbieta
245 0 _aLaboratorium metrologii warsztatowej /
_cElżbieta Meller, Andrzej Meller.
260 _aWarszawa,
_c1969.
700 1 _aMELLER, Andrzej
040 _cBPK
041 _apol
080 _a531.7:006.91
942 _cKS
008 s pl f |000 0 pol
999 _c10408
_d10408
856 _uhttp://koha.tu.koszalin.pl/cgi-bin/koha/opac-detail.pl?biblionumber=10408
_yKatalog online BPK